000 00451cam a22001457a 4500
008 180718b2000 xxu||||| |||| 00| 0 eng d
020 _a0821346806
082 _aT000x54 W893
245 _aIndia: country framework report for private participation in infrastructure
_cby World Bank
260 _aWashington, D.C.
_bWorld Bank
_c2000
300 _a69p.
650 _aFinancial management
650 _aInfrastructure (Economics)
700 _aWorld Bank
999 _c293800
_d293800